000 00461nam a2200181Ia 4500
008 151018s9999 xx 000 0 und d
082 _bRBASDV1907
_a823
100 _aM. Carthy Justin
245 _aThe story of an rishamn
250 _b1
260 _bChatto & windues
_c1939
300 _a410
600 _aM. Carthy Justin
630 _aThe story of an rishamn
700 _aM. Carthy Justin
730 _aThe story of an rishamn
942 _cBOOK
999 _c1004332
_d1004329